| 000 | 00462nam a22001337a 4500 | ||
|---|---|---|---|
| 040 | _cSINES-NUST. | ||
| 082 |
_a004 _bMAS |
||
| 100 |
_aAiman Masood. _991960 |
||
| 245 |
_aPerformance Comparison of GE 1.5 xle HAWT for VSVP and FSFP Control Strategies and Erosion Effect on AEP Losses / _cMasood, Aiman |
||
| 260 |
_aIslamabad: _bSINES-NUST, _c2022. |
||
| 300 |
_a109 p. : _bill. ; _c30cm. |
||
| 650 | _2MS-Computational Science and Engineering. | ||
| 942 |
_2ddc _cTHE |
||
| 999 |
_c590071 _d590071 |
||